Teaching TV Drama : (Record no. 587668)

MARC details
000 -LEADER
fixed length control field 00452nam a2200181 a 4500
008 - FIXED-LENGTH DATA ELEMENTS--GENERAL INFORMATION
fixed length control field 250917s2008##################000#0#eng##
020 ## - INTERNATIONAL STANDARD BOOK NUMBER
ISBN 9781844571321
082 04 - DEWEY DECIMAL CLASSIFICATION NUMBER
Classification number 791.4575
Item number CLA
100 1# - MAIN ENTRY--AUTHOR NAME
Personal name Points, Jeremy,
245 10 - TITLE STATEMENT
Title Teaching TV Drama :
260 ## - PUBLICATION, DISTRIBUTION, ETC. (IMPRINT)
Name of publisher British Film Institute,
Year of publication 2008.
650 #0 - SUBJECT ADDED ENTRY--TOPICAL TERM
Topical Term Performing Arts.
942 ## - ADDED ENTRY ELEMENTS (KOHA)
Koha item type English Books
Holdings
Withdrawn status Lost status Damaged status Not for loan Home library Current library Shelving location Date acquired Full call number Accession Number Price effective from Koha item type
        Anna Centenary Library Anna Centenary Library 6TH FLOOR, B WING 17.09.2025 791.4575 CLA 305948 17.09.2025 English Books

Find us on the map